Govt. of
Madhya Pradesh

IIms Confused and Misused Words For all (Record no. 32299)

MARC details
000 -LEADER
fixed length control field 004340000a22001690004500
003 - CONTROL NUMBER IDENTIFIER
control field MACL
005 - DATE AND TIME OF LATEST TRANSACTION
control field 20160122155415.0
008 - FIXED-LENGTH DATA ELEMENTS--GENERAL INFORMATION
fixed length control field 160122b xxu||||| |||| 00| 0 eng d
040 ## - CATALOGING SOURCE
Original cataloging agency MACL
Transcribing agency MACL
041 ## - LANGUAGE CODE
Language code of text/sound track or separate title English
082 ## - DEWEY DECIMAL CLASSIFICATION NUMBER
Classification number 400/PUR
100 ## - MAIN ENTRY--PERSONAL NAME
Personal name Puri, G K
9 (RLIN) 30212
245 ## - TITLE STATEMENT
Title IIms Confused and Misused Words For all
260 ## - PUBLICATION, DISTRIBUTION, ETC. (IMPRINT)
Name of publisher, distributor, etc. IIms Publications
Date of publication, distribution, etc. 1999
Place of publication, distribution, etc. New Delhi
650 ## - SUBJECT ADDED ENTRY--TOPICAL TERM
Topical term or geographic name as entry element Language
9 (RLIN) 34142
942 ## - ADDED ENTRY ELEMENTS (KOHA)
Koha item type Books
Call number prefix 400/Pur
Source of classification or shelving scheme
Holdings
Withdrawn status Lost status Source of classification or shelving scheme Damaged status Not for loan Home library Current library Date acquired Total Checkouts Full call number Barcode Date last seen Date last checked out Uniform Resource Identifier Price effective from Koha item type
          MACL MACL 22/01/2016 1 400/PUR CLC000276 15/06/2017 30/05/2017 32354 15/04/2015 Books